Gaming Quiz

Random Gaming or Video Games Quiz

Top 100 Video Games Trailers of All Time Quiz Stats

 Plays Quiz not verified by Sporcle

Challenge
Share
Tweet
Embed
Score 0/100 Timer 15:00
0 Plays Today
Number Game % Correct
38Halo 3
69.8%
59Halo 3
69.8%
95Halo 2
67.9%
16Call of Duty 4: Modern Warfare
59.9%
45Call of Duty 4: Modern Warfare
59.9%
1BioShock
54.3%
92Gears of War
52.5%
10Metal Gear Solid 4: Guns of the Patriots
50%
55Metal Gear Solid 4: Guns of the Patriots
50%
74Metal Gear Solid 4: Guns of the Patriots
50%
19Grand Theft Auto IV
48.1%
39Grand Theft Auto IV
48.1%
62Grand Theft Auto IV
48.1%
21Metal Gear Solid 3: Snake Eater
47.5%
67Fallout 3
47.5%
71Fallout 3
47.5%
7Assassin's Creed
46.9%
40Portal
46.9%
44Gears of War 2
46.9%
51Uncharted 2: Among Thieves
46.9%
73Uncharted 2: Among Thieves
46.9%
86Gears of War 2
46.9%
43Mass Effect 2
46.3%
53Mass Effect 2
46.3%
76Portal 2
46.3%
87God of War II
45.7%
35Team Fortress 2
45.1%
15Metal Gear Solid 2
44.4%
6God of War III
43.8%
13Resident Evil 5
43.8%
22Resident Evil 5
43.8%
54Resident Evil 5
43.8%
3Assassin's Creed II
42.6%
27The Legend of Zelda: Twilight Princess
40.7%
Number Game % Correct
49The Legend of Zelda: Twilight Princess
40.7%
82Grand Theft Auto: San Andreas
40.7%
96Resident Evil 4
40.7%
20Super Smash Bros. Brawl
40.1%
57Batman: Arkham Asylum
40.1%
9World of Warcraft
38.9%
85Final Fantasy XIII
38.9%
65Elder Scrolls IV: Oblivion
36.4%
90Fallout: New Vegas
33.3%
11Batman: Arkham City
32.1%
5Dead Island
31.5%
81Assassin's Creed: Brotherhood
30.9%
8BioShock Infinite
30.2%
14StarCraft II: Wings of Liberty
29.6%
50StarCraft II: Wings of Liberty
29.6%
79Dead Space
29.6%
61Left 4 Dead 2
29%
75Street Fighter IV
29%
4Star Wars: The Old Republic
25.9%
34Star Wars: The Old Republic
25.9%
72Marvel vs Capcom 3: Fate of Two Worlds
25.9%
70Battlefield 2
25.3%
29Assassin's Creed: Revelations
24.7%
66Devil May Cry 3
23.5%
32Halo 3: ODST
22.2%
52Diablo III
21%
24Star Wars: The Force Unleashed
20.4%
77Deus Ex: Human Revolution
20.4%
83Deus Ex: Human Revolution
20.4%
89L.A. Noire
19.8%
31Devil May Cry 4
19.1%
41Star Wars: The Force Unleashed II
18.5%
12Duke Nukem Forever
17.9%
69Battlefield: Bad Company
17.3%
Number Game % Correct
37Tomb Raider
16.7%
68Need For Speed: Hot Pursuit
16%
84Doom III
16%
93Need For Speed: Hot Pursuit
16%
97Shenmue
16%
25Warcraft III
15.4%
26Warcraft III
15.4%
18Killzone 2
14.8%
47Dark Souls
14.8%
80Killzone 2
14.8%
88Mafia II
14.8%
2The Last Guardian
13%
60Mirror's Edge
13%
33The Beatles: Rock Band
9.3%
46World of Warcraft: Cataclysm
7.4%
36World of Warcraft: Wrath of the Lich King
6.8%
58Prey 2
6.8%
98Epic Mickey
6.2%
17Onimusha 3
5.6%
91Castlevania: Lords of Shadow
5.6%
28Kingdom Hearts: Birth by Sleep
4.9%
23Metal Gear Solid: Rising
4.3%
63Lost Odyssey
4.3%
99Prince of Persia: Warrior Within
4.3%
30MotorStorm
3.1%
42I Am Alive
3.1%
56Tomb Raider Underworld
1.9%
94Gun
1.9%
100Resident Evil: Darkside Chronicles
1.2%
48Tony Hawk's Project 8
0.6%
64Warhammer: Mark of Chaos
0.6%
78The Secret World
0.6%

You're not logged in!

Compare scores with friends on all Sporcle quizzes.
OR
Log In

You Might Also Like...

Show Comments

Extras

Top Quizzes Today


Score Distribution

Your Account Isn't Verified!

In order to create a playlist on Sporcle, you need to verify the email address you used during registration. Go to your Sporcle Settings to finish the process.

Report this User

Report this user for behavior that violates our Community Guidelines.

Details: